000
00183nam a2200073Ia 4500
008
170524s9999 xx 000 0 und d
100
_a
DESSELER- G
245
0
_a
HUMAN RESOURCES MANAGEMENT
260
_b
CONCEPT PUB. CO.
999
_c
7924
_d
7924